00892nam a2200217 i 450000100060000000300090000600500170001500700030003200800410003504000200007610000380009624501460013426000780028030000340035865000410039265000390043370000400047285200210051299900170053395201240055054192ES-MaACL20251113140547.0t|960716s1864 fr a |||| | fre d aCAM bspa cCAM1 aFiguier, Louis,d1819-189495081413aLa terre avant le déluge / cpar Louis Figuier; ouvrage contenant 25 vues idéales de paysages de l'ancient monde dessinées par Riou ... aParis : bLibrairie de L. Hachette et Cie., c1864 (fImp. de Ch. Lahure) aXX, 486 p. : bil. ; c24 cm.07aGeología histórica2embne913094 aTierra (Planeta)-xOrigen.91785371 aRiou, Édouard, d1833-1900997410 aES-MaACLjF-8319 c54192d54192 001040708LIBXIXaATENEOMbATENEOMcSPP2d2008-01-17eSCl0oF-8319p1056951r2023-02-23 00:00:00w2023-02-23yMONANT